00474 2200193 4500001002100000005001500021008004100036020001800077035002000095082000800115084001400123100001900137245005400156250000600210260002700216300001100243650001400254990001200268INLIS00000000000004120240502103245240502 0 ind  a979-9407-94-X a0010-0424000017 a700 a700 SAM m aMuarif, Samsul1 aMengenal Budaya Masyarakat Using /cSamsul Muarif a1 aSurabaya :bSIC,c2010 a90 hlm 4aNon Fiksi a0737340